[Event "Moscow CC Mephi 1st League"]
[Site "Moscow"]
[Date "2009.02.22"]
[Round "8"]
[White "Kuzovkin, Alexander Vasilievi"]
[Black "Sotnikovich, George G"]
[Result "1-0"]
[WhiteElo "2357"]
[BlackElo "2069"]
[PlyCount "133"]
[EventDate "2009.02.16"]
[EventType "tourn"]
[EventRounds "15"]
[EventCountry "RUS"]
[EventCategory "1"]
[SourceTitle "CBM 129 Extra"]
[Source "ChessBase"]
[SourceDate "2009.05.05"]
[SourceVersion "2"]
[SourceVersionDate "2009.05.20"]
[SourceQuality "1"]

1. c4 e6 2. Nc3 Nf6 3. d4 Bb4 4. Nf3 b6 5. Qc2 Bb7 6. a3 Bxc3+ 7. Qxc3 d6 8. e3 Nbd7 9. Be2 0-0 10. 0-0 Ne4 11. Qc2 f5 12. b4 Rf6 13. d5 exd5 14. Bb2 Rg6 15. Rad1 dxc4 16. Bxc4+ Kh8 17. Bd5 c6 18. Bf7 Rh6 19. Nd4 Qh4 20. h3 Qf6 21. Be6 c5 22. Bxd7 cxd4 23. Bxd4 Qf7 24. Qc7 Bd5 25. f3 Nf6 26. Bxf6 Rxf6 27. Rd4 b5 28. Rfd1 Bb3 29. R1d2 d5 30. Qb7 Rd8 31. Bc6 Qe6 32. R2d3 Qxc6 33. Qxc6 Rxc6 34. Rxb3 Kg8 35. Rbd3 Rcd6 36. g4 fxg4 37. hxg4 Kf7 38. Rc3 Ke6 39. Rc5 a6 40. Kf2 R8d7 41. Ke2 h6 42. Rf4 Rf7 43. Rxf7 Kxf7 44. Rc7+ Kf6 45. Kd3 g6 46. Kd4 Kg5 47. Rh7 Rc6 48. f4+ Kxg4 49. Rxh6 Kf5 50. Rh8 Re6 51. Rg8 Re4+ 52. Kd3 Rc4 53. Rf8+ Ke6 54. Re8+ Kf7 55. Ra8 Rc6 56. Kd4 Ke6 57. Re8+ Kf7 58. Kxd5 Rc3 59. Ra8 Rxa3 60. e4 Ra4 61. e5 Rxb4 62. e6+ Ke7 63. Ra7+ Kf8 64. Rf7+ Ke8 65. Ke5 Rb1 66. Ra7 Rf1 67. f5 1-0